Les Meilleurs buteurs du championnat d'Italie de football - Statistiques

Statistiques générales
  • Ce quiz a été pris 161 fois
  • Le résultat moyen est 5 sur 15
Statistiques - réponses
Buts Nationalité Clubs successifs Joueur % Correct
250 Italie AS Rome (250) Francesco Totti
93%
188 Italie Juventus (188) Alessandro Del Piero
80%
201 Italie Juventus (0), Genoa CFC (5), Torino FC (27), SS Lazio (169) Ciro Immobile
64%
205 Italie ACF Fiorentina (39), Juventus (78), AC Milan (12), Bologne FC (22), Inter Milan (9), Brescia Calcio (45) Roberto Baggio
52%
184 Argentine ACF Fiorentina (152), AS Rome (30), Inter Milan (2) Gabriel Batistuta
47%
209 Italie Empoli FC (18), Udinese Calcio (191) Antonio Di Natale
39%
216 Italie Inter Milan (197), AC Milan (9), Juventus (10) Giuseppe Meazza
33%
182 Italie Torino FC (18), Ascoli Calcio 1898 (3), UC Sampdoria (102), Udinese Calcio (25), SSC Naples (11), Juventus (23) Fabio Quagliarella
25%
225 Suède AC Milan (210), AS Rome (15) Gunnar Nordahl
17%
274 Italie US Pro Vercelli (51), SS Lazio (143), Juventus (10), Novare Calcio (70) Silvio Piola
15%
188 Italie Piacenza Calcio 1919 (3), Hellas Vérone (5), Parme FC (50), AC Milan (36), ACF Fiorentina (52), Genoa CFC (19), Bologne FC (13), US Palerme (10), Empoli FC (0), Delfino Pescara 1936 (0) Alberto Gilardino
9%
178 Italie Juventus (178) Giampiero Boniperti
6%
188 Italie Calcio Foggia 1920 (11), SS Lazio (107), UC Sampdoria (3), Bologne FC (67) Giuseppe Signori
5%
216 Brésil / Italie AC Milan (120), SSC Naples (71), Juventus (25) José Altafini
5%
190 Suède Juventus (8), Calcio Padoue (20), ACF Fiorentina (150), AC Milan (9), SSC Naples (3) Kurt Hamrin
4%
Aucun quiz correspondant
Distribution des résultats
% des personnes avec chaque résultat
Percentile par nombre de réponses
Votre historique - résultats
Vous n’avez pas pris ce quiz